Princeton Theological Seminary biographical catalogue, 1909

Saved in:  
Bibliographic Details
Corporate Authors: Princeton Theological Seminary. MitwirkendeR (Contributor) ; Princeton Theological Seminary.. MitwirkendeR (Contributor)
Contributors: Dulles, Joseph H. 1853-1937. (Contributor)
Format: Electronic Book
Language:English
Check availability: HBZ Gateway
Interlibrary Loan:Interlibrary Loan for the Fachinformationsdienste (Specialized Information Services in Germany)
Published: Trenton, N.J. MacCrellish & Quigley 1909
In:Year: 1909
Edition:A rev. ed. of the General Catalogue, published 1894 (pref.)
Further subjects:B Practical Theology
B Princeton Theological Seminary Biography
Online Access: Volltext (kostenfrei)
Sammlungen:

MARC

LEADER 00000cam a22000002c 4500
001 1894082621
003 DE-627
005 20241217054913.0
007 cr uuu---uuuuu
008 240704s1909 xx |||||o 00| ||eng c
035 |a (DE-627)1894082621 
035 |a (DE-599)KXP1894082621 
035 |a (PRTC)princetontheol00dull 
040 |a DE-627  |b ger  |c DE-627  |e rda 
041 |a eng 
050 0 |a BV 4070 
084 |a 1  |2 ssgn 
245 0 0 |a Princeton Theological Seminary biographical catalogue, 1909  |c compiled by Joseph H.Dulles 
250 |a A rev. ed. of the General Catalogue, published 1894 (pref.) 
264 1 |a Trenton, N.J.  |b MacCrellish & Quigley  |c 1909 
300 |a 1 Online-Ressource (661 p.) 
336 |a Text  |b txt  |2 rdacontent 
337 |a Computermedien  |b c  |2 rdamedia 
338 |a Online-Ressource  |b cr  |2 rdacarrier 
500 |a Errata pages inserted 
601 |a Princeton, NJ 
601 |a Theologe 
610 1 0 |a Princeton Theological Seminary  |v Biography 
655 0 |a Practical Theology 
700 1 |a Dulles, Joseph H.  |d 1853-1937.  |e MitwirkendeR  |4 ctb 
710 2 |a Princeton Theological Seminary  |e MitwirkendeR  |4 ctb 
710 2 |a Princeton Theological Seminary.  |e MitwirkendeR  |4 ctb 
856 4 0 |u https://commons.ptsem.edu/id/princetontheol00dull  |m X:PRTC  |x Digitalisierung  |z kostenfrei  |7 0 
935 |a PRTC  |a mteo 
951 |a BO 
ELC |a 1 
LOK |0 000 xxxxxcx a22 zn 4500 
LOK |0 001 4546961596 
LOK |0 003 DE-627 
LOK |0 004 1894082621 
LOK |0 005 20240704180253 
LOK |0 008 240704||||||||||||||||ger||||||| 
LOK |0 035   |a (DE-Tue135)princetontheol00dull 
LOK |0 040   |a DE-Tue135  |c DE-627  |d DE-Tue135 
LOK |0 092   |o n 
LOK |0 689   |a f  |a Book 
LOK |0 852   |a DE-Tue135 
LOK |0 852 1  |9 00 
LOK |0 866   |x SPQUE#Theological Commons Princeton 
LOK |0 935   |a PRTC 
LOK |0 939   |a 04-07-24  |b l01 
OAS |a 1 
ORI |a SA-MARC-ixtheoa001.raw 
SYB 0 0 |a Theological Seminary of the United Presbyterian Church,Theological Seminary of the Presbyterian Church,Theological Seminary,Theological Seminary,Princeton Seminary,Theological Seminary of the Presbyterian Church in the United States of America,Theological Seminary of the United Presbyterian Church